| 000 | 00712nam a22002057a 4500 | ||
|---|---|---|---|
| 005 | 20250117110807.0 | ||
| 010 | _aENG-143510 | ||
| 020 |
_a9780199460113 _c1200.00 |
||
| 035 | _aEN-127042 | ||
| 037 | _bDBAD | ||
| 082 | _a954.08 | ||
| 100 |
_aHamilton Elizabeth _976700 |
||
| 245 |
_aThe Feringhees; Sir Robert and Sir William-Two Europeans in India/ _cBy Elizabeth Hamilton |
||
| 250 | _aFirst | ||
| 260 |
_aYMCA Library Building, 1 Jai Singh Road, New Delhi _bOxford University Press _c2016 |
||
| 270 |
_aYMCA Library Building, 1 Jai Singh Road, New Delhi _bNew Delhi _e110001 |
||
| 300 |
_axii,258p. _c22cm (pbk) |
||
| 490 | _vVol.2 The Straight Race | ||
| 942 |
_2ddc _cEN _h954.08 _mHam |
||
| 999 |
_c208567 _d208567 |
||